[Event "HUN-chT2 Erkel 0607"]
[Site "Hungary"]
[Date "2007.03.25"]
[Round "7"]
[White "Kalo, Istvan"]
[Black "Raibl, Zoltan"]
[Result "1/2-1/2"]
[WhiteElo "2055"]
[BlackElo "2042"]
[PlyCount "35"]
[EventDate "2006.11.12"]
[EventType "team"]
[EventRounds "11"]
[EventCountry "HUN"]
[SourceTitle "EXT 2008"]
[Source "ChessBase"]
[SourceDate "2007.11.25"]
[SourceVersion "1"]
[SourceVersionDate "2007.11.25"]
[SourceQuality "1"]
[WhiteTeam "Ujszasz"]
[BlackTeam "Foti"]
[WhiteTeamCountry "HUN"]
[BlackTeamCountry "HUN"]

1. e4 e5 2. Nf3 Nf6 3. Nxe5 Qe7 4. Nf3 Nxe4 5. Qe2 d5 6. d3 Nd6 7. Bg5 f6 8. Bf4 Bg4 9. Nbd2 Nc6 10. 0-0-0 0-0-0 11. h3 Bh5 12. g4 Bf7 13. Qxe7 Bxe7 14. Bg2 Rhe8 15. Nb3 Bf8 16. Rhe1 Rxe1 17. Rxe1 Re8 18. Rxe8+ 1/2-1/2

[Event "HUN-chT2 Breyer 0506"]
[Site "Hungary"]
[Date "2006.04.09"]
[Round "10"]
[White "Nagy, Aron"]
[Black "Raibl, Zoltan"]
[Result "1/2-1/2"]
[WhiteElo "1974"]
[BlackElo "2042"]
[PlyCount "32"]
[EventDate "2005.10.16"]
[EventType "team"]
[EventRounds "11"]
[EventCountry "HUN"]
[SourceTitle "EXT 2009"]
[Source "ChessBase"]
[SourceDate "2008.11.26"]
[SourceVersion "1"]
[SourceVersionDate "2008.11.26"]
[SourceQuality "1"]
[WhiteTeam "Husi II"]
[BlackTeam "Vizugy II"]
[WhiteTeamCountry "HUN"]
[BlackTeamCountry "HUN"]

1. d4 c5 2. d5 e5 3. e4 d6 4. Nc3 g6 5. Nf3 Bg7 6. Be2 Ne7 7. Nd2 f5 8. f3 0-0 9. Nc4 a6 10. a4 f4 11. Bd2 Qc7 12. Nb1 b6 13. Ra3 Nd7 14. Rb3 Rf6 15. Nba3 Qa7 16. g4 g5 1/2-1/2

[Event "EU-chT Silent"]
[Site "Moscow"]
[Date "1997.??.??"]
[Round "?"]
[White "Raibl, Zoltan"]
[Black "Ivanov, Michail"]
[Result "1/2-1/2"]
[WhiteElo "2004"]
[BlackElo "2510"]
[PlyCount "73"]
[EventDate "1997.??.??"]
[EventType "team"]
[EventRounds "7"]
[EventCountry "RUS"]
[SourceTitle "EXT 2006"]
[Source "ChessBase"]
[SourceDate "2005.11.24"]
[SourceVersion "1"]
[SourceVersionDate "2005.11.24"]
[SourceQuality "1"]

1. d4 d6 2. e4 Nf6 3. Nc3 g6 4. f3 Bg7 5. Be3 0-0 6. Qd2 c6 7. Bd3 e5 8. Nge2 Qc7 9. Bh6 b5 10. a3 a6 11. dxe5 dxe5 12. Ng3 Be6 13. Nf5 Bxf5 14. exf5 Nbd7 15. g4 Rad8 16. 0-0-0 Nc5 17. Bxg7 Kxg7 18. g5 Nh5 19. f6+ Kg8 20. Qf2 Nxd3+ 21. cxd3 b4 22. axb4 Rd4 23. Rhe1 Rxb4 24. d4 exd4 25. Rxd4 Rxd4 26. Qxd4 Qxh2 27. Kb1 Qg3 28. Qe3 a5 29. Ne4 Qe5 30. Qd2 Nf4 31. Rh1 Rb8 32. Qh2 h5 33. gxh6 Qh5 34. Qxh5 Nxh5 35. Ng5 Rf8 36. Rc1 Nxf6 37. Rxc6 1/2-1/2